History Quiz

Random History or Word Play Quiz
Score 0/24 Timer 06:00
5 Plays Today
% Correct
Alfred Hitchcock
87.4%
Augustus
86.4%
Vladimir Putin
82.8%
Madeleine Albright
81.2%
Neil Armstrong
80.4%
Isaac Newton
79.5%
Winston Churchill
78.7%
Jackie Robinson
78.2%
Harriet Tubman
77.9%
Al Capone
74.8%
David Cameron
68.3%
Jane Goodall
67.9%
% Correct
Eva Perón
67.6%
Yuri Gagarin
66.8%
Kofi Annan
64.5%
Margaret Atwood
62.4%
George Orwell
62.1%
Charles Darwin
61.6%
Millard Fillmore
60.4%
Agatha Christie
58.2%
Leon Trotsky
53.1%
Tenzing Norgay
47.7%
David Livingstone
32.7%
Louis Pasteur
29.5%

You're not logged in!

Compare scores with friends on all Sporcle quizzes.
OR
Log In

Sporcle TV

Today on Sporcle TV


Watch our educational content, quiz creation guides, and fun videos on Sporcle TV.

Show Comments

Extras

Top Quizzes Today


Score Distribution

Paid Content

Your Account Isn't Verified!

In order to create a playlist on Sporcle, you need to verify the email address you used during registration. Go to your Sporcle Settings to finish the process.

Report this User

Report this user for behavior that violates our Community Guidelines.

Details: